000 01178cam a22001934a 4500
005 20250605164400.0
008 250528s ||||||||||||||||||||||||d
035 _a24544
040 _aGR-AtMCL
_bgre
_dGR-AtMCL
_eAACR2
245 1 _aΗ Επιβράβευση Έρχεται Πλέον Κομμένη και Ραμμένη στις Ανάγκες σας
260 _c2013
300 _a34
520 _aΚαινοτομία και Παράδοση Ορίζουν την Ανθεκτικότητα του στη Κρίση, 'Τονωτική Ένεση' σε Ελλάδα και Ευρώπη, Το World of Mouth Κερδίζει τη Μάχη της Εμπιστοσύνης, Με Τόλμη και Πάθος και Ρίσκο θα Επιβιώσει η Δημιουργικότητα σε Δύσκολους Καιρούς, Με τη Νέα Φιλοσοφία στην Επέτειο των 60 Χρόνων του Δικτύου, Το 'Μυστήριο' των Στοιχείων που Δείχνουν Άνοδο.
700 1 _aΚορδελάς Δημήτρης
_99464
942 _cCR
710 2 _aThe Marketing Week
_99825
999 _c9421
_d9421